000 00461nam a22001817a 4500
003 MPLRDC
005 20220104143817.0
008 210129b ||||| |||| 00| 0 eng d
020 _a7-201-00036-5
082 _a420 KWLK
100 _a科瓦连科 编
245 _a青年夫妇必读
_c刘须钦、尤艳琴 译
250 _a一版一刷
260 _a
_b天津人民
_c1987
300 _b
650 _a家事;家政总论
942 _cBK
_o420 KWLK
999 _c43565
_d43555